Le Stade - Fredz - Paroles - Statistiques

Statistiques générales
  • Ce quiz a été pris 17 fois
  • Le résultat moyen est 231 sur 402
Statistiques - réponses
Réponse % Correct
à
100%
J'ai
100%
le
100%
Le
100%
stade
100%
coeur,
93%
coeur
93%
mon
93%
Ou
93%
ou
93%
pas
93%
que
93%
Que
93%
Et
86%
je
86%
en
79%
Est
79%
j'suis
79%
j'te
79%
la
79%
79%
les
79%
te
79%
atteint
71%
Ça
71%
ça
71%
ce
71%
dans
71%
de
71%
dirais
71%
femme
71%
ma
71%
me
71%
pour
71%
Pour
71%
Tout
71%
tout
71%
Tu
71%
tu
71%
un
71%
une
71%
as
64%
atteins
64%
d'autres
64%
des
64%
dès
64%
fait
64%
prêt
64%
stable
64%
ta
64%
vus
64%
avoir
57%
balles
57%
comme
57%
Comme
57%
du
57%
intacte
57%
Mais
57%
peu
57%
peur
57%
si
57%
s'prendre
57%
au
50%
fois
50%
On
50%
qu'elle
50%
quelques
50%
Sans
50%
semaines
50%
sera
50%
seul
50%
sorti
50%
bus
43%
Chaque
43%
c'que
43%
faire
43%
j'aurais
43%
J'aurais
43%
j'avais
43%
J'les
43%
jour
43%
lit
43%
rue
43%
story
43%
t'croiser
43%
casse
36%
casse,
36%
c'est
36%
faute
36%
j'me
36%
J'met
36%
j'ressens,
36%
plus
36%
première
36%
Qui
36%
qu'tu
36%
sur
36%
tour
36%
Alors
29%
croise
29%
deux
29%
enlèvent
29%
face
29%
fond
29%
j'pleure
29%
J'vais
29%
j'vais
29%
l'instant
29%
luxe
29%
moi
29%
pu
29%
ressens,
29%
t'es
29%
Tous
29%
vivais
29%
aimé
21%
aurait
21%
autographes
21%
Aux
21%
aux
21%
d'amis
21%
dire
21%
d'un
21%
encore
21%
était
21%
J'fais
21%
l'autre
21%
maison
21%
même
21%
peut-être
21%
Peut-être
21%
plein
21%
selfies
21%
signé
21%
sûrement
21%
T'aurais
21%
Terre
21%
tête
21%
tube
21%
autres
14%
chialer
14%
choses
14%
deviendra
14%
disque
14%
jamais
14%
j'écris
14%
j'l'ai
14%
j't'aime
14%
musique
14%
ordi
14%
ouais
14%
Parce
14%
peine
14%
peux
14%
photographes
14%
puisse
14%
scène
14%
soirs
14%
tienne
14%
Celui
7%
cinéma
7%
cinq
7%
concerts
7%
déjà
7%
d'rien
7%
étoiles
7%
garçons
7%
garder
7%
grandes
7%
hôtel
7%
J'atteins
7%
j'peux
7%
Jusqu'au
7%
lèverai
7%
l'problème
7%
mène
7%
n'arrivera
7%
qu'je
7%
rassure
7%
restera
7%
T'façon
7%
vie
7%
échapper
0%
hoodie
0%
J'enchaînerais
0%
j'l'apporterais
0%
kiffer
0%
qu'enfin
0%
qu'j'sais
0%
ramener
0%
Aucun quiz correspondant
Distribution des résultats
% des personnes avec chaque résultat
Percentile par nombre de réponses
Votre historique - résultats
Vous n’avez pas pris ce quiz